Most Populous Cities in the Pacific Northwest - Statistics

General Stats
  • This quiz has been taken 20 times
  • The average score is 11 of 15
Answer Stats
Hint Answer % Correct
OR Portland
100%
WA Seattle
100%
BC Vancouver
100%
WA Vancouver
100%
WA Spokane
94%
WA Tacoma
94%
BC Victoria
89%
OR Eugene
83%
OR Salem
83%
WA Bellevue
61%
BC Surrey
50%
OR Hillsboro
39%
OR Beaverton
33%
BC Kelowna
28%
BC Burnaby
22%
No matching quizzes found
Score Distribution
Percent of People with Each Score
Percentile by Number Answered
Your Score History
You have not taken this quiz